| 000 | 00712nam a2200205 i 4500 | ||
|---|---|---|---|
| 001 | 46955 | ||
| 003 | ES-MaACL | ||
| 005 | 20230906161456.0 | ||
| 007 | t| | ||
| 008 | 030402s1977 sp ||||1| spa d | ||
| 245 | 0 | 0 |
_aConstituciones españolas y extranjeras / _cedición y estudio preliminar por Jorge de Esteban ; con la colaboración de Javier García Fernández. |
| 260 |
_a[Madrid] : _bTaurus, _c[1977] |
||
| 300 |
_a2 v. ; _c21 cm. |
||
| 490 | 1 |
_aBiblioteca política Taurus ; _v38 |
|
| 700 | 1 |
_aEsteban, Jorge de. _948032 |
|
| 700 | 1 |
_aGarcía Fernández, Javier. _954597 |
|
| 830 | 0 |
_aBiblioteca política Taurus ; _v38 _9176515 |
|
| 852 |
_aES-MaACL _jA-7145-6 _bR.96546 |
||
| 999 |
_c46955 _d46955 |
||